00317nam a2200121Ia 4500008004100000082001600041100001800057245003300075250000800108260004900116300001000165650002000175150201s2006 xx 000 0 und d a611bO2006F aFARUQI,NAFISH aOSTEOLOGYFOR DENTAL STUDENTS a1ST bC.B.S PUBLISHERS & DISTRIBUTERSaDELHIc2006 a1-256 aHUMAN OSTEOLOGY